Betclic 3. Liga - grupa III 2025/26 - Statystyki

Ogólne statystyki
  • Ten quiz został rozwiązany 32 razy
  • Średni wynik to 8 z 18
Statystyki odpowiedzi
Drużyna % Poprawnych
MKS Kluczbork
70%
Miedź II Legnica
65%
Lechia Zielona Góra
60%
Zagłębie II Lubin
60%
Górnik Polkowice
50%
Carina Gubin
45%
Karkonosze Jelenia Góra
45%
LKS Goczałkowice Zdrój
45%
Polonia Nysa
45%
Sparta Katowice
45%
Stal Jasień
45%
Warta Gorzów Wielkopolski
45%
Górnik II Zabrze
40%
Skra Częstochowa
40%
Pniówek Pawłowice Śląskie
35%
Ślęza Wrocław
35%
LZS Starowice Dolne
20%
Słowianin Wolibórz
20%
Nie znaleziono quizów pasujących do podanych kryteriów
Rozkład punktacji
Procent ludzi z każdym wynikiem
Percentyl według liczby udzielonych odpowiedzi
Twoja historia wyników
Nie rozwiązałeś tego quizu